000 00356nam a2200145 i 4500
001 bg
100 1 _aBERLIN, A. Ja.
245 0 _aTechnika laboratornoj roboty v organičeskoj chimii /
_cA.Ja. Berlin.
260 _aLeningrad,
_c1952.
040 _cBPK
041 _apol
080 _a547:542
942 _cKS
008 s pl f |000 0 pol
999 _c21040
_d21040
856 _uhttp://koha.tu.koszalin.pl/cgi-bin/koha/opac-detail.pl?biblionumber=21040
_yKatalog online BPK